[Event "WYCC U16 Open 2013"]
[Site "Al-Ain UAE"]
[Date "2013.12.24"]
[Round "8.48"]
[White "Foo, William J"]
[Black "Ostapchik, Anton"]
[Result "1-0"]
[WhiteElo "2144"]
[BlackElo "1897"]
[WhiteFideId "419753"]
[BlackFideId "13509705"]
[EventDate "2013.12.18"]

1. Nf3 f5 2. d4 Nf6 3. g3 g6 4. Bg2 Bg7 5. O-O O-O 6. b4 d6 7. Bb2 Qe8 8. c4 e5
9. dxe5 Ng4 10. Nc3 Nxe5 11. Nxe5 dxe5 12. e4 f4 13. Nd5 Qf7 14. gxf4 c6 15.
fxe5 cxd5 16. exd5 Qf4 17. Qe2 Bg4 18. f3 Bf5 19. Rad1 Nd7 20. Rfe1 Rac8 21. e6
Qxc4 22. exd7 Qxe2 23. dxc8=Q Qxe1+ 24. Rxe1 Bxc8 25. Bxg7 Kxg7 26. Kf2 Kf6 27.
f4 Bf5 28. Rc1 Rc8 29. Rxc8 Bxc8 30. Be4 b6 31. h4 Bg4 32. Bf3 Bf5 33. h5 gxh5
34. Bxh5 Ke7 35. Ke3 Kd6 36. Kd4 Bb1 37. a3 Bf5 38. Bf3 Bg6 39. Be4 Bf7 40. Bxh7
Bxd5 41. Be4 Bf7 42. Ke3 Be8 43. Kd4 Bf7 44. f5 Be8 45. Bd5 Bd7 46. f6 a5 47.
Bc4 axb4 48. axb4 b5 49. Bd5 Bh3 50. Bb3 Bf1 51. Ke4 Kd7 52. Kd5 Ke8 53. Kc5 Kf8
54. Bd5 Be2 55. Kd4 Bf1 56. Be4 Kf7 57. Bd3 Bh3 58. Ke5 Bd7 59. Be2 Kf8 60. Bd3
Be8 61. Bf1 Bd7 62. Kd5 Be8 63. Be2 Bg6 64. Bxb5 Kf7 65. Ke5 Bh5 66. Bc4+ Kf8
67. b5 Bg4 68. b6 Bc8 69. Kd6 Bd7 70. b7 Be8 71. f7 1-0

[Event "WYCC U16 Open 2013"]
[Site "Al-Ain UAE"]
[Date "2013.12.24"]
[Round "8.49"]
[White "Mezhlumyan, Marat"]
[Black "Cortes Orihuela, Javier"]
[Result "0-1"]
[WhiteElo "1927"]
[BlackElo "2131"]
[WhiteFideId "13302973"]
[BlackFideId "3414329"]
[EventDate "2013.12.18"]

1. c4 Nf6 2. Nc3 d5 3. cxd5 Nxd5 4. Nf3 g6 5. e4 Nxc3 6. bxc3 Bg7 7. d4 c5 8.
Be3 Qa5 9. Qd2 O-O 10. Be2 Nc6 11. Rc1 cxd4 12. cxd4 Qxd2+ 13. Kxd2 Rd8 14. Rhd1
Nxd4 15. Nxd4 e5 16. Kc3 exd4+ 17. Bxd4 Rxd4 18. Rxd4 Be6 19. Kd3 Bxd4 20. Kxd4
Bxa2 21. Rc7 Rb8 22. Kc5 b6+ 23. Kb5 a5 24. Bg4 Bb1 25. Be2 Bxe4 26. Bc4 Bxg2
27. Bxf7+ Kh8 28. Bc4 Bh3 29. Kc6 Bg4 30. Bd5 b5 31. f3 Bf5 32. Kd6 b4 33. Ke5
b3 34. Kf6 b2 35. Kg5 b1=Q 36. Kh6 g5 0-1

[Event "WYCC U16 Open 2013"]
[Site "Al-Ain UAE"]
[Date "2013.12.24"]
[Round "8.50"]
[White "Rohan, Ahuja"]
[Black "Li, Xiang Wei  William"]
[Result "1-0"]
[WhiteElo "2128"]
[BlackElo "1846"]
[WhiteFideId "5090598"]
[BlackFideId "4303300"]
[EventDate "2013.12.18"]

1. Nf3 d5 2. g3 c6 3. Bg2 Bg4 4. O-O Nd7 5. d3 e6 6. e4 Bd6 7. h3 Bh5 8. Qe1 Ne7
9. b3 O-O 10. Bb2 Re8 11. Nbd2 a5 12. a3 e5 13. Nh4 f6 14. f4 exf4 15. gxf4 Qb6+
16. Kh1 dxe4 17. Nc4 Qc7 18. Nxd6 Qxd6 19. dxe4 Qc5 20. Qg3 Qxc2 21. Rf2 Qc5 22.
Rd2 Red8 23. Rc1 Qb6 24. e5 fxe5 25. fxe5 Ng6 26. Nxg6 Bxg6 27. Rd6 Nc5 28. Bd5+
Kh8 29. Rxg6 Rxd5 30. Rxg7 Qxb3 31. Rxh7+ Kxh7 32. Qh4+ Kg6 33. Rg1+ Kf5 34.
Qg4# 1-0

[Event "WYCC U16 Open 2013"]
[Site "Al-Ain UAE"]
[Date "2013.12.24"]
[Round "8.51"]
[White "Ouaret, Abdelouhab"]
[Black "Hu, Bryan"]
[Result "0-1"]
[WhiteTitle "FM"]
[WhiteElo "1868"]
[BlackElo "2176"]
[WhiteFideId "7903944"]
[BlackFideId "2066327"]
[EventDate "2013.12.18"]

1. Nf3 d5 2. g3 Nf6 3. Bg2 g6 4. O-O Bg7 5. d4 O-O 6. Nbd2 Bf5 7. c4 c6 8. Qb3
Qb6 9. c5 Qxb3 10. Nxb3 Nfd7 11. Bd2 e5 12. e3 e4 13. Ne1 b6 14. Rc1 Rc8 15. f3
exf3 16. Bxf3 h5 17. cxb6 axb6 18. Bxd5 Nf6 19. Bf3 Rxa2 20. Bc3 Re8 21. Ng2 Bh6
22. Rfe1 g5 23. Rf1 Bd3 24. Rf2 Ne4 25. Bxe4 Bxe4 26. Re1 Nd7 27. Nd2 Bg6 28. e4
c5 29. Ne3 g4 30. Nec4 b5 31. Nd6 Rb8 32. Nb3 b4 33. Bd2 Bf8 34. Bf4 cxd4 35.
Nxd4 Rb6 36. Nc4 Rba6 37. Rd2 Bc5 38. Kg2 Nf6 39. Nb3 Bxe4+ 40. Kf1 Bf8 41. Rd8
Ra8 42. Rd4 Bc2 43. Nbd2 Bc5 44. Be5 Bxd4 45. Bxd4 R2a6 46. Re5 Rd8 47. Rg5+ Kh7
48. Bc5 Bd3+ 49. Kg2 Bxc4 50. Nxc4 Rd5 51. Rxd5 Nxd5 52. Ne5 Re6 53. Nd3 Re2+
54. Kg1 b3 55. Ba3 Rd2 56. Nc5 Ne3 57. Nxb3 Rg2+ 58. Kh1 Rf2 0-1

[Event "WYCC U16 Open 2013"]
[Site "Al-Ain UAE"]
[Date "2013.12.24"]
[Round "8.52"]
[White "Valenzuela Martinez, Hermes"]
[Black "Bayramov, Elkhan Khayyat"]
[Result "1/2-1/2"]
[WhiteTitle "CM"]
[WhiteElo "1867"]
[BlackElo "2173"]
[WhiteFideId "5111919"]
[BlackFideId "13400525"]
[EventDate "2013.12.18"]

1. e4 c5 2. Nc3 Nc6 3. g3 g6 4. Bg2 Bg7 5. Nge2 e6 6. d3 Nge7 7. Be3 Nd4 8. O-O
O-O 9. f4 d6 10. Qd2 Rb8 11. Nd1 b5 12. c3 Nxe2+ 13. Qxe2 b4 14. Rc1 Qa5 15.
cxb4 Qxb4 16. b3 Nc6 17. Nb2 Nd4 18. Qf2 Ba6 19. Kh1 Rfd8 20. g4 f5 21. gxf5
exf5 22. Nc4 Bb7 23. Qe1 Qb5 24. Qa5 Qd7 25. Qd2 Re8 26. Bxd4 Bxd4 27. Rce1 d5
28. exd5 Bxd5 29. Bxd5+ Qxd5+ 30. Qg2 Qd7 31. h3 Rxe1 32. Rxe1 Re8 33. Rxe8+
Qxe8 34. Qd5+ Kh8 35. Ne5 Qe7 36. Kh2 Kg7 37. Qd7 Qxd7 38. Nxd7 h6 39. Nb8 g5
40. Kg3 Kf6 41. Nc6 Be3 42. fxg5+ hxg5 43. Kf3 1/2-1/2

[Event "WYCC U16 Open 2013"]
[Site "Al-Ain UAE"]
[Date "2013.12.24"]
[Round "8.53"]
[White "Motovilnik, Jurij"]
[Black "Daskalov, Dimitar"]
[Result "0-1"]
[WhiteElo "1860"]
[BlackElo "2156"]
[WhiteFideId "13507273"]
[BlackFideId "2902800"]
[EventDate "2013.12.18"]

1. e4 c5 2. Nf3 e6 3. d4 cxd4 4. Nxd4 Nf6 5. Bd3 Nc6 6. Nxc6 bxc6 7. O-O d5 8.
e5 Nd7 9. f4 Ba6 10. Be3 Bxd3 11. Qxd3 Be7 12. c4 O-O 13. Nd2 Nb6 14. cxd5 cxd5
15. Rac1 Rb8 16. b3 Qd7 17. Rc2 Rfc8 18. Rfc1 Ba3 19. Rxc8+ Rxc8 20. Rxc8+ Qxc8
21. Nf3 g6 22. Nd4 Bc1 23. Kf2 Bxe3+ 24. Qxe3 Nd7 25. Kf3 a6 26. g4 Qd8 27. Qe1
Nc5 28. h4 Ne4 29. h5 g5 30. f5 Qc7 31. fxe6 fxe6 32. Kg2 Qxe5 33. Qe3 Qd6 34.
h6 Kf7 35. Ne2 Kg6 36. Qa7 Kxh6 37. Qf7 e5 38. Ng1 Qf6 39. Qh5+ Kg7 40. Nf3 Qf4
41. Qh3 h5 42. gxh5 g4 43. h6+ Kh8 0-1

[Event "WYCC U16 Open 2013"]
[Site "Al-Ain UAE"]
[Date "2013.12.24"]
[Round "8.54"]
[White "Rimawy, Hosam"]
[Black "Nastase, Robert-Paul"]
[Result "0-1"]
[WhiteElo "1781"]
[BlackElo "2141"]
[WhiteFideId "8103798"]
[BlackFideId "1221175"]
[EventDate "2013.12.18"]

1. e4 c5 2. Nf3 d6 3. c3 Nf6 4. h3 g6 5. Bd3 Bg7 6. O-O O-O 7. Bc2 Nc6 8. d4
cxd4 9. cxd4 Bd7 10. Nc3 Rc8 11. Be3 a6 12. Qd2 b5 13. a3 Na5 14. Qd3 Nc4 15.
Rab1 Qc7 16. e5 dxe5 17. dxe5 Nxe5 18. Nxe5 Qxe5 19. Bd4 Qd6 20. Qe3 Ng4 21.
hxg4 Bxd4 22. Qf3 Bxc3 23. bxc3 Qxa3 24. Bb3 Qc5 25. Rfd1 Bc6 26. Qe3 Qxe3 27.
fxe3 Be4 28. Rbc1 Rfd8 29. Rf1 e6 30. Rf4 Bd5 31. Bxd5 Rxd5 32. c4 Rc7 33. Kf2
Rdc5 34. Ra1 bxc4 35. Rxa6 c3 36. Ra1 c2 37. Rc1 Rb5 38. Ke2 Rb1 39. Kd2 Rxc1
40. Kxc1 Kg7 41. g5 Rc5 42. Rg4 Rc3 43. Re4 h6 44. gxh6+ Kxh6 45. Rf4 Kg7 46. e4
Rc4 47. g3 g5 48. Rf2 Rxe4 49. Kxc2 Re3 50. Rg2 f5 51. Kd2 Re4 52. Rf2 Kg6 53.
Rh2 Ra4 54. Rh8 Ra3 55. g4 fxg4 56. Ke2 Kf5 57. Rf8+ Ke4 58. Rg8 Ra2+ 59. Kf1 g3
60. Rxg5 Kf3 0-1

[Event "WYCC U16 Open 2013"]
[Site "Al-Ain UAE"]
[Date "2013.12.24"]
[Round "8.55"]
[White "Hamdan, Marshool"]
[Black "Neagu, Mihai-Cosmin"]
[Result "1-0"]
[WhiteElo "1749"]
[BlackElo "2069"]
[WhiteFideId "9303804"]
[BlackFideId "1205560"]
[EventDate "2013.12.18"]

1. e4 c5 2. Nf3 e6 3. d4 cxd4 4. Nxd4 a6 5. c4 Nf6 6. Nc3 Qc7 7. Bg5 Be7 8. Qd2
d6 9. Be2 Nbd7 10. O-O h6 11. Be3 b6 12. f4 Bb7 13. Bf3 Rc8 14. Rac1 Qb8 15. Qe2
Qa8 16. Bf2 O-O 17. b3 Rfe8 18. e5 Bxf3 19. Nxf3 Ng4 20. exd6 Bxd6 21. Rcd1 Qc6
22. Nd4 Nxf2 23. Nxc6 Nxd1 24. Qxd1 Rxc6 25. Ne4 Bc5+ 26. Nxc5 Nxc5 27. b4 Ne4
28. Qd4 f5 29. Qd7 Rec8 30. b5 axb5 31. cxb5 Rc2 32. Qxe6+ Kh8 33. Qxf5 R8c4 34.
g3 Rd4 35. Re1 Rxa2 36. Qe6 Rc2 37. Rxe4 1-0

[Event "WYCC U16 Open 2013"]
[Site "Al-Ain UAE"]
[Date "2013.12.24"]
[Round "8.56"]
[White "Bezuidenhout, Roland"]
[Black "Berman, Jacob"]
[Result "0-1"]
[WhiteTitle "CM"]
[WhiteElo "2037"]
[BlackElo "1795"]
[WhiteFideId "14304562"]
[BlackFideId "2071010"]
[EventDate "2013.12.18"]

1. e4 e6 2. d4 d5 3. Nd2 Nf6 4. e5 Nfd7 5. Bd3 c5 6. c3 Nc6 7. Ngf3 f6 8. Nh4
Qe7 9. Qh5+ Qf7 10. Bg6 hxg6 11. Qxh8 cxd4 12. Nhf3 Ndxe5 13. cxd4 Nd3+ 14. Ke2
Nf4+ 15. Kf1 b6 16. g3 Ba6+ 17. Kg1 Ne2+ 18. Kg2 Nexd4 19. Nxd4 Nxd4 20. Qh4 e5
21. Re1 O-O-O 22. Qg4+ Kb7 23. Rg1 Be2 24. Qh3 Nc2 25. Rb1 d4 26. Kh1 Bb5 27. f3
Bb4 28. Ne4 Ne1 29. g4 Qxa2 30. Bd2 Bxd2 31. Nxd2 Nd3 32. Qg2 Bc6 33. Ne4 Qb3
34. Nd2 Qc2 35. Rgf1 Nf4 36. Qf2 Rh8 37. b4 Rh3 38. b5 Bd5 39. Rbd1 Nd3 40. Qg2
Nf4 41. Qf2 Qc8 42. Ne4 Bxe4 43. fxe4 Qxg4 44. Qc2 Rc3 45. Qa2 Kb8 46. Ra1 Rc7
47. Qg8+ Qc8 48. Qb3 Rc3 49. Qa2 Qb7 50. Rfe1 f5 51. Qa6 Qxa6 52. bxa6 Nd3 53.
Rf1 fxe4 54. Rf7 Rc7 55. Rf8+ Rc8 56. Rf7 e3 57. Ra2 Nf4 0-1

[Event "WYCC U16 Open 2013"]
[Site "Al-Ain UAE"]
[Date "2013.12.24"]
[Round "8.57"]
[White "Kwon, Sehyun"]
[Black "Lo, Ryan"]
[Result "1/2-1/2"]
[WhiteElo "1706"]
[BlackElo "2025"]
[WhiteFideId "13203088"]
[BlackFideId "2609088"]
[EventDate "2013.12.18"]

1. e4 c5 2. Nf3 e6 3. c3 Nf6 4. e5 Nd5 5. d4 cxd4 6. cxd4 d6 7. Nc3 Nxc3 8. bxc3
Nd7 9. exd6 Bxd6 10. Bd3 O-O 11. Qe2 Qc7 12. c4 Bb4+ 13. Bd2 Bxd2+ 14. Nxd2 e5
15. O-O exd4 16. Qe4 Nf6 17. Qxd4 Rd8 18. Qc3 Qd6 19. Bc2 Qxd2 20. Rad1 Qxd1 21.
Rxd1 Be6 22. Rxd8+ Rxd8 23. h3 Rc8 24. Qd4 b6 25. Ba4 Bxc4 26. Bd7 Nxd7 27. Qxd7
Be6 28. Qxa7 g6 29. a3 b5 30. Qb6 Rc1+ 31. Kh2 Rc2 32. Qd8+ Kg7 33. Qd4+ Kg8 34.
Qd3 Ra2 35. Qxb5 Rxf2 36. a4 Rd2 37. Qb7 h5 38. Qb4 Ra2 39. Qb5 Rd2 40. Qg5 Ra2
41. a5 Bc4 42. h4 Bf1 43. Kg1 Bxg2 44. Qxg2 Rxa5 1/2-1/2

[Event "WYCC U16 Open 2013"]
[Site "Al-Ain UAE"]
[Date "2013.12.24"]
[Round "8.59"]
[White "Malhotra, Tarun"]
[Black "Dogan, Mire Deniz"]
[Result "1/2-1/2"]
[WhiteElo "1988"]
[BlackElo "1772"]
[WhiteFideId "5020549"]
[BlackFideId "6317456"]
[EventDate "2013.12.18"]

1. Nf3 d5 2. g3 c6 3. Bg2 Nf6 4. O-O Nbd7 5. d4 e6 6. Nbd2 Bd6 7. b3 O-O 8. Bb2
Qe7 9. Re1 Ne4 10. Nxe4 dxe4 11. Nd2 f5 12. e3 Nf6 13. Nc4 b5 14. Nxd6 Qxd6 15.
Qe2 a5 16. a4 b4 17. c4 Bd7 18. Rad1 Be8 19. Qc2 Bh5 20. Rd2 Rac8 21. Bf1 Qe7
22. Be2 Bxe2 23. Rexe2 h6 24. Qd1 Nh7 25. d5 Ng5 26. dxc6 Nf3+ 27. Kg2 Nxd2 28.
Rxd2 Rfd8 29. Rd7 Rxd7 30. cxd7 Rd8 31. Qd4 Rxd7 32. Qb6 Qd6 33. Qxa5 h5 34. Bd4
e5 35. Qa8+ Kh7 36. c5 Qd5 37. Qe8 1/2-1/2

[Event "WYCC U16 Open 2013"]
[Site "Al-Ain UAE"]
[Date "2013.12.24"]
[Round "8.60"]
[White "Hamawi, Karim"]
[Black "Cofre Archibold, Nestor"]
[Result "0-1"]
[WhiteElo "1640"]
[BlackElo "1966"]
[WhiteFideId "5303621"]
[BlackFideId "5122279"]
[EventDate "2013.12.18"]

1. e4 c5 2. Nf3 g6 3. d4 Bg7 4. d5 d6 5. c4 Nf6 6. Nc3 O-O 7. Be2 e6 8. O-O exd5
9. cxd5 a6 10. a4 Bg4 11. h3 Bxf3 12. Bxf3 Nbd7 13. g4 Rb8 14. a5 Ne8 15. Ne2 b5
16. axb6 Rxb6 17. Ra2 Qb8 18. Qc2 Nc7 19. Ng3 Nb5 20. Be3 Nd4 21. Bxd4 Bxd4 22.
Rb1 Qd8 23. Kg2 Qf6 24. Ne2 Rfb8 25. Nxd4 Qxd4 26. Qa4 Qxa4 27. Rxa4 g5 28. Rba1
Rxb2 29. Rxa6 R8b6 30. Rxb6 Rxb6 31. Ra3 Kg7 32. Kg3 Ne5 33. Be2 Rb2 34. Bf1 c4
35. Ra7 c3 36. Rc7 c2 37. f4 gxf4+ 38. Kxf4 Rb3 39. Be2 Rxh3 40. Rxc2 Ng6+ 41.
Kf5 Nh4+ 42. Kf4 Ng2+ 0-1

[Event "WYCC U16 Open 2013"]
[Site "Al-Ain UAE"]
[Date "2013.12.24"]
[Round "8.62"]
[White "Pomini, Aurelien"]
[Black "Ahmed, Fareed"]
[Result "1-0"]
[WhiteElo "2165"]
[BlackElo "1766"]
[WhiteFideId "1320831"]
[BlackFideId "9303677"]
[EventDate "2013.12.18"]

1. e4 e6 2. d4 d5 3. Nd2 Nf6 4. e5 Nfd7 5. Ngf3 c5 6. c3 Nc6 7. Bd3 Be7 8. O-O
O-O 9. Re1 cxd4 10. cxd4 f5 11. exf6 Nxf6 12. b3 Ng4 13. Nf1 Nxd4 14. Nxd4 Nxf2
15. Qc2 Qb6 16. Be3 Bc5 17. Bxf2 Rxf2 18. Kxf2 Bxd4+ 19. Ke2 e5 20. Bxh7+ Kh8
21. Bf5 Bxf5 22. Qxf5 Kg8 23. Rac1 Bc5 24. Qc2 Rc8 25. Kd1 Qe6 26. Qe2 e4 27.
Kc2 Ba3+ 28. Kb1 Bxc1 29. Rxc1 Rb8 30. Ng3 Qe5 31. Qe3 Re8 32. Rd1 Rd8 33. Qd4
Qg5 34. Nxe4 Qxg2 35. Nf6+ Kf7 36. Nxd5 Qxh2 37. Rf1+ Ke8 1-0

[Event "WYCC U16 Open 2013"]
[Site "Al-Ain UAE"]
[Date "2013.12.24"]
[Round "8.63"]
[White "Volna, Lukas"]
[Black "Liu, Andrew"]
[Result "1-0"]
[WhiteElo "1833"]
[BlackElo "2236"]
[WhiteFideId "14928728"]
[BlackFideId "2071150"]
[EventDate "2013.12.18"]

1. b3 d6 2. Bb2 Nd7 3. e3 Ngf6 4. f4 g6 5. Nf3 Bg7 6. Be2 O-O 7. O-O Re8 8. Qe1
e5 9. fxe5 dxe5 10. Bc4 h6 11. Qg3 e4 12. Nh4 g5 13. Nf5 Nh5 14. Bxf7+ Kh7 15.
Bxh5 Bxb2 16. Bxe8 Qxe8 17. Nc3 Bxa1 18. Rxa1 c6 19. Nd6 1-0

[Event "WYCC U16 Open 2013"]
[Site "Al-Ain UAE"]
[Date "2013.12.24"]
[Round "8.64"]
[White "Filipets, Egor"]
[Black "Minald, Andrey"]
[Result "1/2-1/2"]
[WhiteElo "2112"]
[BlackElo "1848"]
[WhiteFideId "13503928"]
[BlackFideId "13506854"]
[EventDate "2013.12.18"]

1. d4 d5 2. c4 e6 3. Nc3 Nf6 4. Bg5 c6 5. Qc2 Nbd7 6. e3 Bb4 7. cxd5 exd5 8. Bd3
h6 9. Bh4 O-O 10. Ne2 Bd6 11. O-O-O Re8 12. Kb1 Qc7 13. h3 b5 14. g4 a5 15. Bg3
Bxg3 16. Nxg3 b4 17. Na4 Ba6 18. Rc1 Bxd3 19. Qxd3 Nb6 20. Nxb6 Qxb6 21. Qf5 Re6
22. h4 Ne8 23. g5 g6 24. Qc2 h5 25. Ne2 Rd6 26. Qc5 Qd8 27. Qc2 Nc7 28. Nf4 Ne6
29. Nxe6 Rxe6 30. Qa4 Qe8 31. Rc2 Rd6 32. Rcc1 Qe4+ 33. Qc2 Qf3 34. Rcg1 Re6 35.
Rh2 Kg7 36. Rg3 Qe4 37. Qxe4 Rxe4 38. Rg1 c5 39. dxc5 Rc4 40. Rc1 Rc8 41. Rhh1
R8xc5 42. f4 Kf8 43. Rxc4 Rxc4 44. Rd1 Rc5 45. f5 gxf5 46. Rf1 Rc4 47. Rxf5 Kg7
48. Rxd5 Rxh4 49. Rxa5 Re4 50. a4 b3 51. Ra6 Rxe3 52. Kc1 Re5 53. Rb6 Re4 54. a5
Ra4 55. a6 Ra5 56. Kd2 h4 57. Ke2 h3 58. Kf2 Rxg5 59. a7 Ra5 60. Rb7 Ra2 61.
Rxb3 h2 62. Kg2 Rxa7 63. Kxh2 Kg6 64. Kg3 Kg5 65. Rb5+ f5 66. Rb8 Kf6 67. Kf4
Ra4+ 68. b4 Ke6 69. Rb5 Ra1 70. Ke3 Re1+ 71. Kd4 Rd1+ 1/2-1/2

[Event "WYCC U16 Open 2013"]
[Site "Al-Ain UAE"]
[Date "2013.12.24"]
[Round "8.65"]
[White "Grunau, Christoph"]
[Black "Rodgers, Philippe"]
[Result "1-0"]
[WhiteElo "2066"]
[BlackElo "1735"]
[WhiteFideId "12929760"]
[BlackFideId "1801473"]
[EventDate "2013.12.18"]

1. e4 Nf6 2. e5 Nd5 3. d4 d6 4. Nf3 dxe5 5. Nxe5 c6 6. Bc4 Nd7 7. Nf3 N7f6 8. h3
Bf5 9. O-O e6 10. Bb3 Be7 11. Nh4 Bg6 12. Nxg6 hxg6 13. c4 Nc7 14. Nc3 b5 15.
Qf3 O-O 16. Qxc6 bxc4 17. Qxc4 Ncd5 18. Rd1 Qa5 19. Bd2 Bb4 20. Rac1 Rac8 21.
Qd3 Rfd8 22. Nxd5 Nxd5 23. Bg5 Nf6 24. Rxc8 Rxc8 25. Bxf6 gxf6 26. Bxe6 fxe6 27.
Qxg6+ Kh8 28. Qxf6+ Kh7 29. Qxe6 Qc7 30. d5 Bd6 31. Qf5+ Kg7 32. g3 Bc5 33. d6
Bxd6 34. Rxd6 Qxd6 35. Qxc8 Qd1+ 36. Kh2 Qf1 37. Qc7+ Kg6 38. Qxa7 1-0

[Event "WYCC U16 Open 2013"]
[Site "Al-Ain UAE"]
[Date "2013.12.24"]
[Round "8.66"]
[White "Yang, ching Wei, Austin"]
[Black "Plotkin, Mark"]
[Result "1/2-1/2"]
[WhiteElo "1824"]
[BlackElo "1992"]
[WhiteFideId "16300440"]
[BlackFideId "2611651"]
[EventDate "2013.12.18"]

1. e4 e5 2. Nf3 Nf6 3. Nxe5 d6 4. Nf3 Nxe4 5. Nc3 Nxc3 6. dxc3 Be7 7. Bf4 Nc6 8.
Qd2 Be6 9. Bd3 Qd7 10. a3 Bf5 11. O-O-O Bxd3 12. Qxd3 O-O-O 13. Rhe1 Bf6 14. Kb1
h6 15. h3 Rhe8 16. Nd4 Nxd4 17. cxd4 Rxe1 18. Rxe1 Re8 19. Rxe8+ Qxe8 20. Qf5+
Qd7 21. Qxd7+ Kxd7 22. d5 Bd4 23. f3 Ke7 24. c3 Bf2 25. Kc2 g5 26. Bd2 Kf6 27.
Kd3 Ke5 28. c4 Bd4 29. b3 f5 30. g4 fxg4 31. hxg4 Bb2 32. a4 Bd4 33. Be1 Bg1 34.
Bc3+ Kf4 35. Ke2 a6 36. Bg7 a5 37. Bxh6 Bd4 38. Bf8 Bf6 39. Bh6 Bh8 1/2-1/2

[Event "WYCC U16 Open 2013"]
[Site "Al-Ain UAE"]
[Date "2013.12.24"]
[Round "8.67"]
[White "Abbas, Hussein kzar"]
[Black "Darling, Simeon C."]
[Result "0-1"]
[BlackTitle "CM"]
[WhiteElo "1754"]
[BlackElo "1928"]
[WhiteFideId "4804937"]
[BlackFideId "14305356"]
[EventDate "2013.12.18"]

1. d4 Nf6 2. c4 e6 3. Nc3 Bb4 4. e3 b6 5. Nf3 Bb7 6. a3 Bxc3+ 7. bxc3 O-O 8. Bd3
d6 9. Qc2 Nbd7 10. O-O e5 11. e4 Re8 12. Re1 a5 13. Rb1 Ba6 14. Bg5 h6 15. Bd2
Nh7 16. Re2 Nhf8 17. Qc1 Qf6 18. Be3 Ne6 19. Re1 g5 20. h3 Nf4 21. Qd1 Qg7 22.
Bf1 Rad8 23. g3 Ne6 24. Qd2 Bb7 25. Bd3 Ndf8 26. h4 f6 27. hxg5 hxg5 28. Kg2 Ng6
29. Rh1 Kf7 30. c5 dxc5 31. d5 Nef4+ 32. Kg1 Nxd3 33. Qxd3 Bc8 34. Bxg5 0-1

[Event "WYCC U16 Open 2013"]
[Site "Al-Ain UAE"]
[Date "2013.12.24"]
[Round "8.70"]
[White "Gillot, Florent"]
[Black "Gamage, Chathulanka"]
[Result "1-0"]
[WhiteElo "1731"]
[BlackElo "1745"]
[WhiteFideId "225479"]
[BlackFideId "9908102"]
[EventDate "2013.12.18"]

1. e4 c5 2. Nf3 d6 3. d4 cxd4 4. Nxd4 Nf6 5. Nc3 a6 6. f4 e6 7. a4 Be7 8. Be3
Nc6 9. Qd2 O-O 10. Be2 Qc7 11. O-O Bd7 12. Bf3 Rac8 13. g4 Nxd4 14. Bxd4 e5 15.
Be3 Bxg4 16. Qg2 exf4 17. Bxf4 Bxf3 18. Rxf3 Kh8 19. Kh1 g6 20. Bg5 Ng8 21. Nd5
Qd8 22. Nxe7 Nxe7 23. Bf6+ Kg8 1-0

[Event "WYCC U16 Open 2013"]
[Site "Al-Ain UAE"]
[Date "2013.12.24"]
[Round "8.77"]
[White "Choi, Ian"]
[Black "Emad, Majdlawy"]
[Result "1-0"]
[WhiteElo "1655"]
[BlackElo "1470"]
[WhiteFideId "13201379"]
[BlackFideId "8106070"]
[EventDate "2013.12.18"]

1. d4 d5 2. c4 c6 3. Nc3 Nf6 4. e3 Bf5 5. cxd5 cxd5 6. Qb3 Qb6 7. Nxd5 Qxb3 8.
Nxf6+ exf6 9. axb3 Nc6 10. Bb5 Bb4+ 11. Bd2 Bxd2+ 12. Kxd2 O-O 13. Bxc6 bxc6 14.
Ne2 Rfb8 15. Ra3 Be6 16. Kc3 Rb5 17. Rha1 g5 18. Nc1 a5 19. Nd3 g4 20. e4 Rh5
21. Nf4 Rb5 22. Rd1 Rab8 23. d5 cxd5 24. exd5 Rd8 25. Ra4 f5 26. Rad4 Rc8+ 27.
Rc4 Rd8 28. dxe6 Rxd1 29. e7 Rb8 30. Nh5 Rd6 31. Rd4 Rc8+ 32. Kd3 Rxd4+ 33. Kxd4
f6 34. Nxf6+ Kf7 35. e8=Q+ Rxe8 36. Nxe8 Kxe8 37. Kc5 Ke7 38. Kb5 Kd6 39. Kxa5
Kd5 40. b4 Kd4 41. b5 Kd3 42. b6 Ke2 43. b7 Kxf2 44. b8=Q Kxg2 45. Qg3+ Kh1 46.
Kb4 h6 47. Kc3 h5 48. Kd3 h4 49. Qxh4 Kg2 50. Ke2 g3 51. Qxg3+ Kh1 1-0

[Event "WYCC U16 Open 2013"]
[Site "Al-Ain UAE"]
[Date "2013.12.26"]
[Round "9.1"]
[White "Paravyan, David"]
[Black "Alekseenko, Kirill"]
[Result "0-1"]
[WhiteTitle "IM"]
[BlackTitle "FM"]
[WhiteElo "2441"]
[BlackElo "2445"]
[WhiteFideId "4194985"]
[BlackFideId "4135539"]
[EventDate "2013.12.18"]

1. e4 c5 2. Nf3 Nc6 3. d4 cxd4 4. Nxd4 Qb6 5. Nb3 Nf6 6. Nc3 e6 7. Qe2 Bb4 8.
Bd2 O-O 9. a3 Be7 10. O-O-O d5 11. e5 Ne8 12. f4 f6 13. Be3 Qc7 14. exf6 Bxf6
15. Nb5 Qb8 16. g3 a6 17. N5d4 Nd6 18. Nxc6 bxc6 19. Bd4 0-1

[Event "WYCC U16 Open 2013"]
[Site "Al-Ain UAE"]
[Date "2013.12.26"]
[Round "9.2"]
[White "Dastan, Muhammed Batuhan"]
[Black "Duda, Jan-Krzysztof"]
[Result "1/2-1/2"]
[WhiteTitle "IM"]
[BlackTitle "GM"]
[WhiteElo "2409"]
[BlackElo "2557"]
[WhiteFideId "6300014"]
[BlackFideId "1170546"]
[EventDate "2013.12.18"]

1. Nf3 Nf6 2. g3 d5 3. Bg2 c6 4. O-O Bg4 5. c4 e6 6. d3 Nbd7 7. cxd5 exd5 8. Nc3
Be7 9. h3 Bh5 10. e4 O-O 11. g4 dxe4 12. dxe4 Bg6 1/2-1/2

[Event "WYCC U16 Open 2013"]
[Site "Al-Ain UAE"]
[Date "2013.12.26"]
[Round "9.3"]
[White "Karthikeyan, Murali"]
[Black "Petrosyan, Manuel"]
[Result "1-0"]
[WhiteTitle "IM"]
[BlackTitle "CM"]
[WhiteElo "2431"]
[BlackElo "2294"]
[WhiteFideId "5074452"]
[BlackFideId "13300857"]
[EventDate "2013.12.18"]

1. e4 c6 2. c4 d5 3. exd5 cxd5 4. cxd5 Nf6 5. Bb5+ Nbd7 6. Nc3 a6 7. Qa4 g6 8.
Nf3 Bg7 9. O-O O-O 10. Bxd7 Nxd7 11. d3 1-0

[Event "WYCC U16 Open 2013"]
[Site "Al-Ain UAE"]
[Date "2013.12.26"]
[Round "9.4"]
[White "Girish, A. Koushik"]
[Black "Sibashvili, Giorgi"]
[Result "1-0"]
[WhiteTitle "FM"]
[WhiteElo "2413"]
[BlackElo "2173"]
[WhiteFideId "5038448"]
[BlackFideId "13602799"]
[EventDate "2013.12.18"]

1. Nf3 c5 2. c4 Nc6 3. Nc3 g6 4. e3 Nf6 5. Be2 Bg7 6. O-O O-O 7. d4 cxd4 8. Nxd4
d5 9. cxd5 Nxd5 10. Bf3 Nxc3 11. bxc3 Ne5 12. Be4 Qc7 13. Rb1 a6 1-0

[Event "WYCC U16 Open 2013"]
[Site "Al-Ain UAE"]
[Date "2013.12.26"]
[Round "9.5"]
[White "Vavulin, Maksim"]
[Black "Popov, Kirill"]
[Result "1/2-1/2"]
[WhiteElo "2410"]
[BlackElo "2158"]
[WhiteFideId "4169530"]
[BlackFideId "24157457"]
[EventDate "2013.12.18"]

1. e4 e6 2. d4 d5 3. Nd2 c5 4. Ngf3 cxd4 5. exd5 Qxd5 6. Bc4 Qd6 7. O-O Nf6 8.
Nb3 Nc6 9. Nbxd4 Nxd4 10. Nxd4 a6 11. Re1 Bd7 12. Bg5 O-O-O 13. Re3 Bc6 14. Rd3
Be4 15. Nb5 Qe7 1/2-1/2